000 01031nam a2200301 a 4500
008
020 _a9780470018729 (hardback)
040 _aNUST
_cNUST
049 _aMAIN
090 _aHG4515.13
_bOBR
100 1 _aO'Brien, Justin.,
_aauthor.
245 1 0 _aRedesigning financial regulation :
_bthe politics of enforcement/
_c Justin O'Brien.
260 _aWest Sussex, U. K :
_bJohn Wiley & Sons,
_c2007.
300 _aviii, 211 pages ;
_c24 cm.
336 _atext
_btxt
_2rdacontent
337 _aunmediated
_bn
_2rdamedia
338 _avolume
_bnc
_2rdacarrier
500 _aIncludes index.
650 1 _aSecurities industry
_xSelf-regulation.
650 _aFinancial services industry
_xSelf regulation.
650 _aSecurities industry
_xCorrupt practices.
650 _aFinancial services industry
_xCorrupt practices.
650 _aCorporate governance.
907 _a.b10418532
_b10-06-22
_c16-05-22
003
005 20230123141243.0
942 _cBOOKS
_kHG4515.13
_mOBR
999 _c170324
_d170324